[Event "GER-chT U14 Girls"]
[Site "Magdeburg"]
[Date "2015.12.27"]
[Round "2.4"]
[White "Geletzke, Hannah"]
[Black "Rust, Emily"]
[Result "1-0"]
[WhiteElo "1446"]
[BlackElo "910"]
[PlyCount "61"]
[EventDate "2015.12.27"]
[EventType "team-swiss"]
[EventRounds "7"]
[EventCountry "GER"]
[SourceTitle "EXT 2017"]
[Source "ChessBase"]
[SourceDate "2016.10.25"]
[SourceVersion "1"]
[SourceVersionDate "2016.10.25"]
[SourceQuality "1"]
[WhiteTeam "Erfurt Empor"]
[BlackTeam "Paderborn Blauer Springer"]
[WhiteTeamCountry "GER"]
[BlackTeamCountry "GER"]

1. c4 d5 2. cxd5 Qxd5 3. Nc3 Qd8 4. g3 Nf6 5. Bg2 Be6 6. Nf3 Nd5 7. 0-0 Nxc3 8. bxc3 Nc6 9. a4 Qd7 10. a5 Bh3 11. Qb3 b6 12. axb6 cxb6 13. Ng5 Bxg2 14. Qxf7+ Kd8 15. Kxg2 Kc7 16. Ne6+ Kb7 17. Nf4 Rd8 18. Qb3 e5 19. Ne6 Re8 20. Ng5 Kb8 21. Ne4 Ka8 22. Qxb6 Rb8 23. Qe3 Nd4 24. cxd4 exd4 25. Qf3 Bc5 26. Nxc5+ Qb7 27. Nxb7 Rxb7 28. Bb2 Rd8 29. Rfb1 h6 30. Bxd4 Rdb8 31. Rxa7# 1-0

[Event "GER-chT U10"]
[Site "Magdeburg"]
[Date "2014.12.28"]
[Round "5.2"]
[White "Rust, Emily"]
[Black "Landgraf, Arthur"]
[Result "1/2-1/2"]
[WhiteElo "969"]
[BlackElo "797"]
[PlyCount "32"]
[EventDate "2014.12.27"]
[EventType "team-swiss"]
[EventRounds "7"]
[EventCountry "GER"]
[SourceTitle "EXT 2016"]
[Source "ChessBase"]
[SourceDate "2015.10.08"]
[SourceVersion "1"]
[SourceVersionDate "2015.10.08"]
[SourceQuality "1"]
[WhiteTeam "Paderborn II"]
[BlackTeam "Berlin Schachunion II"]
[WhiteTeamCountry "GER"]
[BlackTeamCountry "GER"]

1. d4 Nf6 2. Nf3 d5 3. Bf4 c5 4. e3 Bg4 5. h3 Bxf3 6. Qxf3 g6 7. c4 cxd4 8. exd4 dxc4 9. Qxb7 Nbd7 10. Bxc4 Qb8 11. Bxb8 Rxb8 12. Qxa7 Bg7 13. Nc3 0-0 14. 0-0-0 Rb6 15. Nd5 Nxd5 16. Bxd5 Bf6 1/2-1/2